000 00824nam a2200277Ia 4500
003 OSt
005 20220918163451.0
006 a|||||r|||| 00| 0
007 ta
008 220917b |||||||| |||| 00| 0 eng d
020 _a00302930462
024 _a249,295
037 _cTextual
040 _aARTS
_cARTS
_beng
041 _2eng
_aeng
082 _aY:6.41, L9
100 _aWilson Richard W Ed.
_913293
245 0 _aValue change in Chinese society
260 _aNew York
_bPraeger Publications USA
_c1979
300 _axiii,309p.
_ccm.
650 _aSOCIOLOGY
700 _a Greenblatt Sidney L Ed.
_913294
700 _a Wilson Amy Auerbacher Ed.
_913295
942 _hY:6.41, L9
_cTEXL
_2CC
999 _c119735
_d119735